000
00346 a2200157 4500
001
72406
020
_a
8532901611
040
_c
Anchieta - Colégio São Paulo
100
_a
Albergaria, Lino de
240
1
0
_a
Alice no metrô
_l
por
245
1
0
_a
Alice no metrô
300
_a
80
362
0
_a
1993
650
4
_a
Literatura juvenil
942
_c
BK
999
_c
72406
_d
72406